Malayalam index. 2 V (Record no. 22809)

MARC details
000 -LEADER
fixed length control field 00302nam a2200121Ia 4500
082 ## - DEWEY DECIMAL CLASSIFICATION NUMBER
Classification number 809.481.2:001.815
Item number GOV
245 #0 - TITLE STATEMENT
Title Malayalam index. 2 V
260 ## - PUBLICATION, DISTRIBUTION, ETC. (IMPRINT)
Place of publication Trichur
Name of publisher Kerala Sahitya Academy
700 ## - ADDED ENTRY--PERSONAL NAME
Personal name Govi, K M
700 ## - ADDED ENTRY--PERSONAL NAME
Personal name Panikar
942 ## - ADDED ENTRY ELEMENTS (KOHA)
Koha item type Books
Holdings
Withdrawn status Lost status Damaged status Not for loan Home library Current library Shelving location Date acquired Cost, normal purchase price Full call number Accession Number Koha item type
        RRII Library RRII Library Malayalam 16/12/2021 30.00 809.481.2:001.815 GOV 03520 Books